Dream smp (heLP) - Statistics

General Stats
  • This quiz has been taken 235 times
  • The average score is 28 of 33
Answer Stats
Hint (?) Answer % Correct
Beessss! Tubbo
99%
Muffinhead! Badboyhalo
98%
white blob Dream
98%
our favorite enderboi Ranboo
98%
diamond boy Skeppy
98%
child Tommy
98%
goggles GeorgeNotFound
97%
Furry :> Fundy
96%
purple Purpled
96%
aRSoN sapnap
96%
Blood. Technoblade
96%
I ALSO FORGOT ABOUT MEXICAN MAN Quackity
94%
Brit boy! :> Wilbur soot
94%
creeper awesamdude
91%
jACK ManiFALL FALL OFF BRIDGE Jack Manifold
90%
Our king and queen Eret
89%
Heart attack Jschlatt
89%
I don know what to put for him, but its lazar LazarBeam
89%
slimey boi Slimecicle
89%
Cat Antfrost
88%
woman Nihachu
86%
The creeper's valentine. Ponk
84%
woman 2.0 Puffy
84%
I FEEL BAD FOR FORGETTING CAR Karl Jacobs
74%
Dad? Ph1lza
74%
he's obviously a momma's boi. Punz
74%
Roses Hannahxxrose
72%
cat maid Hbomb
72%
uhh.. Tommy looks up to him? Vikkstar
68%
He's building a mansion? FoolishG
65%
woman h2o Alyssa
64%
underrated but loved. Callahan
61%
what does he eat again? Connoreatspants
47%
No matching quizzes found
Score Distribution
Percent of People with Each Score
Percentile by Number Answered
Your Score History
You have not taken this quiz